| 000 | 00504nam a22001577a 4500 | ||
|---|---|---|---|
| 003 | PILC | ||
| 005 | 20150112093448.0 | ||
| 008 | 131019t xxu||||| |||| 00| 0 eng d | ||
| 020 | _a978017010786 | ||
| 050 |
_aHF 5415.3 _b.W639 2003 |
||
| 100 |
_aWiding, Robert E. _930051 |
||
| 245 |
_aCustomer behaviour : _bconsumer behaviour and beyond / _cRobert E. Widing ... [et,al.] |
||
| 260 |
_aAustralia ; _bThomson Nelson Australia , _xyz2003. |
||
| 300 |
_a560 pages : _billustration ; _c29 cm. |
||
| 942 |
_2lcc _cBK |
||
| 999 |
_c15008 _d15008 |
||